000 00664nam a2200265Ia 4500
005 20260324153401.0
008 008 260324s9999 xx 000 0 eng d
020 _a9780443190179
037 _aEBOOK
040 _aCRL
040 _beng
040 _cCRL
041 _2eng
041 _aeng
084 _qCRL
100 _aFethi Aloui
_91231261
245 0 _aHandbook of Thermal Management Systems: e-Mobility and Other Energy Applications
260 _bElsevier
260 _c2023
650 _aEnergy
856 _uhttps://www.sciencedirect.com/science/book/9780443190179
942 _cEBOOK
999 _c1842710
_d1842710